BlueDBM: Distributed Flash Storage for Big Data Analytics (Record no. 347603)
[ view plain ]
| 000 -LEADER | |
|---|---|
| fixed length control field | 00539nam a2200133Ia 4500 |
| 008 - FIXED-LENGTH DATA ELEMENTS--GENERAL INFORMATION | |
| fixed length control field | 171207s9999 xx 000 0 und d |
| 100 ## - MAIN ENTRY--PERSONAL NAME | |
| Personal name | Jun, S. -W. |
| 245 ## - TITLE STATEMENT | |
| Title | BlueDBM: Distributed Flash Storage for Big Data Analytics |
| 245 ## - TITLE STATEMENT | |
| Statement of responsibility, etc | S.-W. Jun M. Liu S. Lee J. Hicks J. Ankcorn M. King S. Xu Arvind |
| 260 ## - PUBLICATION, DISTRIBUTION, ETC. (IMPRINT) | |
| Date of publication, distribution, etc | 2016 |
| 300 ## - PHYSICAL DESCRIPTION | |
| Extent | pages 42947, September 2016 |
| 440 ## - SERIES STATEMENT/ADDED ENTRY--TITLE | |
| Title | ACM Transactions on Computer Systems |
| Volume number/sequential designation | 34:3 |
| 650 ## - SUBJECT ADDED ENTRY--TOPICAL TERM | |
| Topical term or geographic name as entry element | Wireless sensor networks, media access control, multichannel, radio 21 interference, time synchronization |
| Withdrawn status | Lost status | Damaged status | Home library | Current library | Date acquired | Total Checkouts | Date last seen | Price effective from | Koha item type |
|---|---|---|---|---|---|---|---|---|---|
| College Library | College Library | 12/07/2017 | 12/07/2017 | 12/07/2017 | Periodicals |